000 00604nam a2200193Ia 4500
003 OSt
005 20251023152634.0
008 Pun
037 _cTB
040 _aARTS
_cARTS
_bPun
041 _2Pun
_aPun
084 _aO153,1J56,1:g L9
_qAL
100 _aਸਿੰਘ, ਪਰਮਿੰਦਰ
_9818125
245 0 _aਹੀਰ ਦਮੋਦਰ:
_bਇਕ ਆਲੋਚਨਾਤਮਿਕ ਅਧਿਐਨ
260 _c1979.
650 _aਪੰਜਾਬੀ ਸਾਹਿਤ
_9849360
942 _hO153,1J56,1:g L9
_cTB
_2CC
_n0
999 _c383197
_d383197